000 00580cam a2200169 a 4500
001 000002601
005 20200929150224.0
008 920323s1985 cl b 000 0 spa
040 _aDO-SdBNP
_bspa
_cBNPHU
082 _a808.8132
_bC229r
245 0 3 _aEl cantar de Roldán.
260 _aSantiago de Chile :
_bErcilla,
_c1985.
300 _a139 p. ;
_c18 cm.
440 0 _aBiblioteca Ercilla :
_pLos mejores libros de la literatura universal ;
_vno. 30
_98200
650 4 _aPoesía épica
_xTraducciones al español
_98201
650 4 _aCanciones de gesta
_xTraducciones al español
_98202
999 _c2437
_d2437